Theories of economic growth and regional disparities

Salvato in:
Dettagli Bibliografici
Autore principale: Nedomlelová, Iva
Natura: Capitolo di libro
Lingua:inglese
Tags: Aggiungi Tag
Nessun Tag, puoi essere il primo ad aggiungerne!!

MARC

LEADER 00000nla$a2200000$$$4500
001 0149413
005 20221007085825.4
041 0 |a eng 
044 |a SK 
245 1 0 |a Theories of economic growth and regional disparities  |c Iva Nedomlelová 
100 1 |a Nedomlelová, Iva